000 00233nam a22000857a 4500
008 160809b xxu||||| |||| 00| 0 eng d
100 _975
_aMishra P K
245 _aNumericals in Physics-IX
260 _aNew Delhi
_bGood Luck Publication
_c2012
999 _c2729
_d2729